U-Pb radiometričeskije opredelenije vozrasta cirkonov iz modranskogo granodiorita Malych Karpat i porfiroida nižnego paleozoja Spišsko-gemerskogo rudogorja (Zapadnyje Karpaty)

Bibliographic Details
Main Authors: Ščerbak, Nikolaj P. (Author), Bartnickij, E. N. (Author), Mickevič, Natalija Ju (Author), Stepanjuk, L. M. (Author), Cambel, Bohuslav, 1919-2006 (Author), Grecula, Pavol (Author)
Format: Article
Language:Russian
PhysicalDescription:Tb. 2. Grafy 2., lit. 17 zázn. v slov., angl., nem., ruš.
Subjects:

MARC

LEADER 00000nab a2200000 a 4500
001 vtls000455452
003 SK-MaSNL
005 20260318124608.0
008 230217c1988 xo 0 rus
015 |a SNBRB19rr/mm-uuuuu 
035 |a CL0455583 
035 |a urn:nbn:sk:snk-ab78sd 
035 |a (uuid)31090f4b-60a3-4752-b6c8-6bb463c0ea51 
035 |a (urnnbn)urn:nbn:sk:snk:ar-a077gd 
035 |a (sysno)vtls000455452 
040 |a SNKBUCL  |b slo  |c SNKBUCL  |e AACR2 
041 0 |a rus 
044 |a xo  |c SK 
080 |a 552.321(234.372.3):549.514.81  |2 1981 
080 |a 549.514.81  |2 1981 
080 |a 552.43  |2 1981 
245 0 0 |a U-Pb radiometričeskije opredelenije vozrasta cirkonov iz modranskogo granodiorita Malych Karpat i porfiroida nižnego paleozoja Spišsko-gemerskogo rudogorja (Zapadnyje Karpaty)  |c Nikolaj P. Ščerbak ... [et al.] 
300 |b Tb. 2. Grafy 2., lit. 17 zázn. v slov., angl., nem., ruš. 
650 0 7 |a granodiority  |2 snkbucl  |9 1252785 
650 0 7 |a porfyroidy  |2 snkbucl  |9 1252786 
650 0 7 |a zirkón  |2 snkbucl  |9 162441 
651 7 |a Spišsko-gemerské rudohorie (Slovensko : pohorie)  |2 snkbucl  |9 17971 
655 7 |a články z novín a časopisov  |2 snkbucl  |9 267496 
700 1 |a Ščerbak, Nikolaj P.  |4 aut  |9 1252787 
700 1 |a Bartnickij, E. N.  |4 aut  |9 1252788 
700 1 |a Mickevič, Natalija Ju.  |4 aut  |9 1252789 
700 1 |a Stepanjuk, L. M.  |4 aut  |9 1252790 
700 1 |a Cambel, Bohuslav,  |d 1919-2006  |4 aut  |9 238603 
700 1 |a Grecula, Pavol  |4 aut  |9 513702 
773 0 |t Geologický zborník  |g Roč. 39, č. 4 (1988), s. 427-436 
850 |a Slovenská národná knižnica v Martine  |a MTA001 
852 |a SNK  |b KIS3GCP 
958 |a RK 
958 |a NB 
958 |a OND 
958 |a EUIPO 
958 |a article27 
992 |a RBX 
999 |c 2224442  |d 2226372